| 000 | 01935nam a2200373 c 4500 | ||
|---|---|---|---|
| 003 | BLK | ||
| 005 | 20180422110510.0 | ||
| 008 | 180409b bul|||||r ||||||| ||bul|| | ||
| 010 | _aKNG00123590000 | ||
| 020 |
_a978-954-91265-4-9 _bиздат.: Фонд. Институт по междунар. право |
||
| 040 | _aBLK | ||
| 041 |
_aBUL _cBUL |
||
| 072 | 7 |
_2bullib _aН34 _xПраво Н |
|
| 080 |
_aФинансово право. Търговско дело. Митническо право. Данъчно право. Инвестиционни фондове. Борси, търговски посредници, банково дело, кредит, закупуване и др. _b347.73 _x(497.2) _z347.73(497.2) |
||
| 100 | 1 |
_aГешев, Стоян Делчев _eпърви автор _9365615 |
|
| 700 | 1 |
_aСтоянов, Иван Георгиев _eсъавт. _9376571 |
|
| 139 |
_aГешев, Стоян Делчев и др. _bГ 45 |
||
| 245 | 1 | 0 |
_aДанъчна система на България _cСтоян Делчев Гешев; съавт. Иван Георгиев Стоянов. |
| 257 | _aBGR | ||
| 260 |
_аСофия _bФонд. Институт по междунар. право _c2010 _fСофия : Скала |
||
| 300 |
_a320 с. _bс ил. _c22 см |
||
| 380 | _a3 | ||
| 500 | _aРез. на англ. ез. - Съдържа и Списък на споготбите за избягване на двойното данъчно облагане на доходи и имущества, по които страна е България. | ||
| 650 | 4 |
_aДанъчно право - България _9254026 |
|
| 651 | 4 |
_aБългария _9241624 |
|
| 653 | _aданъчно право | ||
| 653 | _aБългария | ||
| 659 | _aН | ||
| 852 | _aЦб 251950 | ||
| 856 | 4 |
_qpdf _u |
|
| 856 | 4 |
_qpdf _u |
|
| 942 |
_cKNG _n0 |
||
| 944 |
_aCR _c16.06.2011 _lф / _kЛюдмила_Стоянова |
||
| 944 |
_aED _c17.06.2014 _lф / _k |
||
| 999 |
_c117989 _d117989 |
||